000 00686cam a22002292 4500
001 0000018880
003 OSt
005 20220922145907.0
008 100811s xx 000 0 eng d
020 _a8194113830
040 _aKABU
_cKABU
050 0 _aHD69
_b.P75C43 2019
100 1 _aChandra, Prasanna.
245 1 0 _aProjects :
_bplanning, analysis, selection, financing, implementation and review /
_cPrasanna Chandra.
250 _a9th ed.
260 _aNew Delhi :
_bTata McGraw-Hill,
_c2019
300 _avarious paging.
650 0 _aProject management.
908 _a100811
942 _2lcc
_cBK
999 _c19540
_d19539